Normal view
MARC view
Entry Personal Name
001 - CONTROL NUMBER
- control field: 165658
003 - CONTROL NUMBER IDENTIFIER
- control field: OSt
005 - DATE AND TIME OF LATEST TRANSACTION
- control field: 20220923221809.0
008 - FIXED-LENGTH DATA ELEMENTS
- fixed length control field: 220923|| aca||aabn | a|a d
040 ## - CATALOGING SOURCE
- Original cataloging agency: OSt
- Transcribing agency: OSt
100 ## - HEADING--PERSONAL NAME
- Personal name: कुमुद, कमल कुमार; पुष्पेन्द्र, फुलचन्द
670 ## - SOURCE DATA FOUND
- Source citation: Work cat.: (OSt)351831: कुमुद, कमल कुमार; पुष्पेन्द्र, फुलचन्द, महावीर श्री चित्र शतक, 1960
